Aspekty cirkulárnej ekonomiky v podnikaní
Cirkulárna ekonomika zabezpečuje čo najdlhšiu dobu udržania materiálov a surovín v obehu, vďaka čomu dôjde k minimalizácii odpadov, zefektívneniu využívania zdrojov a získaniu konkurencieschopnosti v podnikateľskom prostredí. Pre podporu obehového hospodárstva jasne definovala jednotlivé problematik...
Salvato in:
| Autore principale: | |
|---|---|
| Altri autori: | |
| Natura: | Capitolo di libro |
| Lingua: | slovacco |
| Soggetti: | |
| Tags: |
Nessun Tag, puoi essere il primo ad aggiungerne!!
|
MARC
| LEADER | 00000naa$a2200000$$$4500 | ||
|---|---|---|---|
| 001 | 0297614 | ||
| 005 | 20240502074515.8 | ||
| 041 | 0 | |a slo | |
| 044 | |a SK | ||
| 245 | 1 | 0 | |a Aspekty cirkulárnej ekonomiky v podnikaní |c Stanislav Rudý, Lukáš Vavlič |
| 520 | |a Cirkulárna ekonomika zabezpečuje čo najdlhšiu dobu udržania materiálov a surovín v obehu, vďaka čomu dôjde k minimalizácii odpadov, zefektívneniu využívania zdrojov a získaniu konkurencieschopnosti v podnikateľskom prostredí. Pre podporu obehového hospodárstva jasne definovala jednotlivé problematiky Európska komisia v akčnom pláne v roku 2015. V rámci vybraných krajín Európskej únie sme analyzovali súčasnú situáciu vybraných ukazovateľov cirkulárnej ekonomiky: počet osôb zamestnaných v obehovom hospodárstve, miera recyklácie komunálneho odpadu, miera materiálovej stopy a materiálu potrebného na výrobu produktov, miera použitia obehového materiálu a súkromné investície a hrubá pridaná hodnota súvisiaca so sektormi obehového hospodárstva. | ||
| 610 | 2 | 0 | |a hospodárstvo obehové |
| 610 | 2 | 0 | |a recyklácia odpadu |
| 610 | 2 | 0 | |a konkurencieschopnosť |
| 610 | 2 | 0 | |a prostredie podnikateľské |
| 610 | 2 | 0 | |a zamestnanci |
| 610 | 2 | 0 | |a investície |
| 610 | 2 | 0 | |a porovnanie medzinárodné |
| 100 | 1 | |a Rudý, Stanislav, 1997- | |
| 700 | 1 | |a Vavlič, Lukáš, 1992- | |